<?xml version="1.0" encoding="UTF-8"?>
<record
    xmlns:xsi="http://www.w3.org/2001/XMLSchema-instance"
    xsi:schemaLocation="http://www.loc.gov/MARC21/slim http://www.loc.gov/standards/marcxml/schema/MARC21slim.xsd"
    xmlns="http://www.loc.gov/MARC21/slim">

  <leader>01100nam a2200277 a 4500</leader>
  <controlfield tag="005">20240423112809.0</controlfield>
  <controlfield tag="008">100311s2011||||ag d   f |||| 001 0 spa d</controlfield>
  <datafield tag="020" ind1=" " ind2=" ">
    <subfield code="a">9789875701502</subfield>
  </datafield>
  <datafield tag="041" ind1=" " ind2=" ">
    <subfield code="a">spa</subfield>
  </datafield>
  <datafield tag="092" ind1=" " ind2=" ">
    <subfield code="c">616.89</subfield>
    <subfield code="l">9</subfield>
    <subfield code="s">BUL</subfield>
  </datafield>
  <datafield tag="100" ind1="1" ind2=" ">
    <subfield code="a">Bulacio, Juan Manuel</subfield>
    <subfield code="9">2197</subfield>
  </datafield>
  <datafield tag="245" ind1=" " ind2=" ">
    <subfield code="a">Ansiedad, Estr&#xE9;s y Pr&#xE1;ctica Cl&#xED;nica.</subfield>
    <subfield code="b">Un enfoque moderno, humanista e integral /</subfield>
    <subfield code="c">Juan Manuel Bulacio.</subfield>
  </datafield>
  <datafield tag="250" ind1=" " ind2=" ">
    <subfield code="a">2a ed.</subfield>
  </datafield>
  <datafield tag="260" ind1=" " ind2=" ">
    <subfield code="a">Buenos Aires: </subfield>
    <subfield code="b">Libreria Akadia Editorial;</subfield>
    <subfield code="c">2011.</subfield>
  </datafield>
  <datafield tag="300" ind1=" " ind2=" ">
    <subfield code="a">136 p.</subfield>
    <subfield code="c">15.5x22.5 cm.</subfield>
  </datafield>
  <datafield tag="500" ind1=" " ind2=" ">
    <subfield code="a">Bulacio, J. M. (2011). Ansiedad, Estr&#xE9;s y Pr&#xE1;ctica Cl&#xED;nica. Un enfoque moderno, humanista e integral. (2a ed.). Buenos Aires : Libreria Akadia editorial.</subfield>
  </datafield>
  <datafield tag="653" ind1=" " ind2=" ">
    <subfield code="a">Modelo cognitivo constructivista realista</subfield>
  </datafield>
  <datafield tag="653" ind1=" " ind2=" ">
    <subfield code="a">Estr&#xE9;s</subfield>
  </datafield>
  <datafield tag="653" ind1=" " ind2=" ">
    <subfield code="a">Trastornos de ansiedad</subfield>
  </datafield>
  <datafield tag="653" ind1=" " ind2=" ">
    <subfield code="a">Personalidad</subfield>
  </datafield>
  <datafield tag="653" ind1=" " ind2=" ">
    <subfield code="a">Estr&#xE9;s. Ansiedad y enfermedades f&#xED;sicas</subfield>
  </datafield>
  <datafield tag="653" ind1=" " ind2=" ">
    <subfield code="a">Tratamiento integral</subfield>
  </datafield>
  <datafield tag="653" ind1=" " ind2=" ">
    <subfield code="a">Creatividad, psicoeducaci&#xF3;n y calidad de vida</subfield>
  </datafield>
  <datafield tag="653" ind1=" " ind2=" ">
    <subfield code="a">Estr&#xE9;s laboral, tecnoestr&#xE9;s, estr&#xE9;s educativo y estr&#xE9;s quir&#xFA;rgico</subfield>
  </datafield>
  <datafield tag="942" ind1=" " ind2=" ">
    <subfield code="2">ddc</subfield>
    <subfield code="c">BK</subfield>
  </datafield>
  <datafield tag="999" ind1=" " ind2=" ">
    <subfield code="c">1389</subfield>
    <subfield code="d">1389</subfield>
  </datafield>
  <datafield tag="952" ind1=" " ind2=" ">
    <subfield code="0">0</subfield>
    <subfield code="1">0</subfield>
    <subfield code="2">ddc</subfield>
    <subfield code="4">0</subfield>
    <subfield code="7">0</subfield>
    <subfield code="8">REF</subfield>
    <subfield code="a">BFM</subfield>
    <subfield code="b">BFM</subfield>
    <subfield code="c">REF</subfield>
    <subfield code="d">2013-05-13</subfield>
    <subfield code="g">72.00</subfield>
    <subfield code="l">0</subfield>
    <subfield code="o">616.89 9 BUL</subfield>
    <subfield code="p">2896</subfield>
    <subfield code="r">2014-11-06</subfield>
    <subfield code="t">ej.1</subfield>
    <subfield code="w">2013-05-13</subfield>
    <subfield code="y">REF</subfield>
    <subfield code="z">LIBRO DE CONSULTA. COMPRA PROMED 2DO A&#xD1;O. Mayo 2013</subfield>
  </datafield>
  <datafield tag="952" ind1=" " ind2=" ">
    <subfield code="0">0</subfield>
    <subfield code="1">0</subfield>
    <subfield code="2">ddc</subfield>
    <subfield code="4">0</subfield>
    <subfield code="7">0</subfield>
    <subfield code="a">BFM</subfield>
    <subfield code="b">BFM</subfield>
    <subfield code="c">CR</subfield>
    <subfield code="d">2013-05-13</subfield>
    <subfield code="g">72.00</subfield>
    <subfield code="l">2</subfield>
    <subfield code="o">616.89 9 BUL</subfield>
    <subfield code="p">2897</subfield>
    <subfield code="r">2016-05-16</subfield>
    <subfield code="s">2016-05-12</subfield>
    <subfield code="t">ej.2</subfield>
    <subfield code="w">2013-05-13</subfield>
    <subfield code="y">BK</subfield>
    <subfield code="z">COMPRA PROMED 2DO A&#xD1;O. Mayo 2013</subfield>
  </datafield>
  <datafield tag="952" ind1=" " ind2=" ">
    <subfield code="0">0</subfield>
    <subfield code="1">0</subfield>
    <subfield code="2">ddc</subfield>
    <subfield code="4">0</subfield>
    <subfield code="7">0</subfield>
    <subfield code="a">BFM</subfield>
    <subfield code="b">BFM</subfield>
    <subfield code="c">CR</subfield>
    <subfield code="d">2013-05-13</subfield>
    <subfield code="g">72.00</subfield>
    <subfield code="l">1</subfield>
    <subfield code="o">616.89 9 BUL</subfield>
    <subfield code="p">2898</subfield>
    <subfield code="r">2018-12-21</subfield>
    <subfield code="s">2018-12-17</subfield>
    <subfield code="t">ej.3</subfield>
    <subfield code="w">2013-05-13</subfield>
    <subfield code="y">BK</subfield>
    <subfield code="z">COMPRA PROMED 2DO A&#xD1;O. Mayo 2013</subfield>
  </datafield>
</record>
